Some notes on Egyptian history & art : with reference to the collections in Cairo Museum /

محفوظ في:

المؤلف الرئيسي: Quibell, A. A. -1927. (مؤلف)

التنسيق: كتاب

اللغة: English

منشور في: Cairo : C. M. S. Bookshop, 1919.

الموضوعات:

الوسوم: إضافة وسم

لا توجد وسوم, كن أول من يضع وسما على هذه التسجيلة!

رقم الطلب: DT59 .Q59 1919

LEADER 00751namaa2200229 4500
001 23154
003 OSt
005 20250618125127.0
008 130303s1919 ua ae 000 0 eng d
040 |c ARCE Library 
043 |a f-ua---  
050 4 |a DT59 .Q59 1919 
100 1 |a Quibell, A. A.  |q (Annie Abernethie),  |d -1927.  |e author 
245 1 0 |a Some notes on Egyptian history & art :   |b with reference to the collections in Cairo Museum /   |c by Mrs. A.A. Quibell. 
264 1 |a Cairo :   |b C. M. S. Bookshop,   |c 1919. 
300 |a 176 pages :   |b illustrations, plans (on lining papers) ;   |c 19 cm. 
650 0 |a Art  |z Egypt.  
651 0 |a Egypt  |x Antiquities.  
651 0 |a Egypt  |x History  |y To 640 A.D.  
901 |a reviewed 
942 |c BK  |2 lcc 
999 |c 20353  |d 20353